000 00995nam a22002297a 4500
005 20250401124123.0
008 250401b |||||||| |||| 00| 0 eng d
020 _a978-93-5775-171-1 (hbk)
037 _cTB
040 _aCRL
_cCRL
041 _2hin
_ahin
084 _aO152,1M83:g R3
_qCRL
245 _aरामचन्द्र शुक्ल:
_bकल, आज और कल
260 _aनई दिल्ली, भारत:
_bवाणी प्रकाशन,
_c2023.
300 _a358पृ0
365 _b750.00
_cINR
650 _aहिन्दी कविता
650 _aहिन्दी साहित्य
700 _aठाकुर, अभय कुमार (संपादक)
942 _2CC
_cTB
_hO152,1M83:g R3
_n0
999 _c1308323
_d1308323